Statistics for The Full British Royal Line of Succession

Click here to take the quiz!

General Stats

  • This quiz has been taken 662 times
    (571 since last reset)
  • The average score is 23 of 59

Answer Stats

Line of DescentPositionBirth YearName% Correct
Descendants of Queen Elizabeth II11948HRH Charles, Prince of Wales
100%
Descendants of Queen Elizabeth II32013HRH Prince George of Cambridge
99%
Descendants of Queen Elizabeth II61984HRH Prince Henry, Duke of Sussex
99%
Descendants of Queen Elizabeth II21982HRH Prince William, Duke of Cambridge
99%
Descendants of Queen Elizabeth II42015HRH Princess Charlotte of Cambridge
98%
Descendants of Queen Elizabeth II52018HRH Prince Louis of Cambridge
96%
Descendants of Queen Elizabeth II81960HRH Prince. Andrew, Duke of York
81%
Descendants of Queen Elizabeth II91988HRH Princess Beatrice of York
78%
Descendants of Queen Elizabeth II111964HRH Prince Edward, Earl of Wessex
77%
Descendants of Queen Elizabeth II141950HRH Anne, Princess Royal
76%
Descendants of Queen Elizabeth II101990HRH Princess Eugenie of York
76%
Descendants of Queen Elizabeth II181981Mrs. Zara Tindall
68%
Descendants of Queen Elizabeth II132003Lady Louise Windsor
67%
Descendants of Queen Elizabeth II151977Mr. Peter Phillips
67%
Descendants of Queen Elizabeth II122007Lord James, Viscount Severn
66%
Descendants of Queen Elizabeth II162010Miss Savannah Phillips
62%
Descendants of Queen Elizabeth II192014Miss Mia Tindall
61%
Descendants of Queen Elizabeth II172012Miss Isla Phillips
59%
Descendants of Queen Elizabeth II202018Miss Lena Tindall
56%
Descendants of Princess Margaret, Countess of Snowdon241964Lady Sarah Chatto
49%
Descendants of Princess Margaret, Countess of Snowdon211961David Armstrong-Jones, 2nd Earl of Snowdon
43%
Descendants of Princess Margaret, Countess of Snowdon261999Mr. Arthur Chatto
36%
Queen Elizabeth II's Cousins and Descendants271944HRH Prince Richard, Duke of Gloucester
32%
Descendants of Princess Margaret, Countess of Snowdon251996Mr. Samuel Chatto
32%
Descendants of Princess Margaret, Countess of Snowdon232002Lady Margarita Armstrong-Jones
31%
Queen Elizabeth II's Cousins and Descendants481942HRH Prince Michael of Kent
26%
Descendants of Princess Margaret, Countess of Snowdon221999Charles Armstrong-Jones, Viscount Linley
25%
Queen Elizabeth II's Cousins and Descendants371935HRH Prince Edward, Duke of Kent
24%
Queen Elizabeth II's Cousins and Descendants531936HRH Princess Alexandra, The Honourable Lady Ogilvy
24%
Queen Elizabeth II's Cousins and Descendants521981Lady Gabriella Windsor
23%
Queen Elizabeth II's Cousins and Descendants281974Alexander Windsor, Earl of Ulster
22%
Queen Elizabeth II's Cousins and Descendants341980Lady Rose Gilman
22%
Queen Elizabeth II's Cousins and Descendants491979Lord Frederick Windsor
22%
Queen Elizabeth II's Cousins and Descendants311977Lady Davina Lewis
21%
Queen Elizabeth II's Cousins and Descendants431964Lady Helen Taylor
19%
Queen Elizabeth II's Cousins and Descendants571966Ms. Marina Mowatt
19%
Queen Elizabeth II's Cousins and Descendants541964Mr. James Ogilvy
18%
Queen Elizabeth II's Cousins and Descendants381962George Windsor, Earl of St. Andrews
16%
Queen Elizabeth II's Cousins and Descendants302010Lady Cosima Windsor
16%
Queen Elizabeth II's Cousins and Descendants502013Miss Maud Windsor
16%
Queen Elizabeth II's Cousins and Descendants322010Miss Senna Lewis
16%
Queen Elizabeth II's Cousins and Descendants591990Miss Zenouska Mowatt
16%
Queen Elizabeth II's Cousins and Descendants451996Mr. Cassius Taylor
16%
Queen Elizabeth II's Cousins and Descendants441994Mr. Columbus Taylor
16%
Queen Elizabeth II's Cousins and Descendants362012Mr. Rufus Gilman
16%
Queen Elizabeth II's Cousins and Descendants332012Mr. Tāne Lewis
16%
Queen Elizabeth II's Cousins and Descendants292007Xan Windsor, Lord Culloden
16%
Queen Elizabeth II's Cousins and Descendants462003Miss Eloise Taylor
15%
Queen Elizabeth II's Cousins and Descendants472004Miss Estella Taylor
15%
Queen Elizabeth II's Cousins and Descendants352010Miss Lyla Gilman
15%
Queen Elizabeth II's Cousins and Descendants391995Lady Amelia Windsor
14%
Queen Elizabeth II's Cousins and Descendants561994Miss Flora Ogilvy
14%
Queen Elizabeth II's Cousins and Descendants512016Miss Isabella Windsor
14%
Queen Elizabeth II's Cousins and Descendants581993Mr. Christian Mowatt
14%
Queen Elizabeth II's Cousins and Descendants402007Mr. Albert Windsor
12%
Queen Elizabeth II's Cousins and Descendants412009Mr. Leopold Windsor
12%
Queen Elizabeth II's Cousins and Descendants551996Mr. Alexander Ogilvy
11%
Descendants of Queen Elizabeth II72019Mr. Archie Mountbatten-Windsor
11%
Queen Elizabeth II's Cousins and Descendants422014Mr. Louis Windsor
10%

Score Distribution

Percentile by Number Answered

Percent of People with Each Score

Your Score History

You have not taken this quiz since the last reset